[Event "Chelyabinsk variation - 4"]
[Site "Sarajevo BIH"]
[Date "2005.05.23"]
[Round "4"]
[White "Shirov, Alexei"]
[Black "Timofeev, Artyom"]
[Result "1/2-1/2"]
[WhiteElo "2714"]
[BlackElo "2622"]
[EventDate "2005.05.19"]

1. e4 c5 2. Nf3 Nc6 3. d4 cxd4 4. Nxd4 Nf6 5. Nc3 e5 6. Ndb5 d6 7. Bg5 a6 
8. Na3 b5 9. Nd5 Be7 10. Bxf6 Bxf6 11. c3 O-O 12. Nc2 Rb8 13. h4 {Still it
is difficult to believe that the h2-h4 advance can cast doubt on the 
conceptual move Ra8-b8 in such a cardinal manner. And recently quite a 
reliable defensive plan for Black has been found } 13. ... Be7!? {Black 
begins to gradually liberate his restricted position without offering to 
the opponent a target for creating a tension on the K-side in the form of 
the g6-pawn (13...g6) } 14. g3 ( {A.Shirov also used to try and struggle 
for an advantage in a different way: } 14. Qf3 Be6 15. Rd1 Qd7 16. Nce3 
Bd8 17. g4 Ne7 18. h5 Bxd5 19. exd5 f5 20. gxf5 Nxf5 21. Bh3 Nxe3 22. 
Qxf8+ Kxf8 23. Bxd7 Nxd1 24. Kxd1 b4! {The ensuing endgame with bishops of
opposite color turns out to be quite reliable for Black - } 25. Kc2 bxc3 
26. bxc3 Bg5 27. Bf5 h6 28. a4 a5 29. Rg1 Ke7 30. f3 Rf8 31. Be4 Rb8 32. 
Rg2 Kd7 33. Bf5+ Ke7 34. Kd3 Rb1 35. Kc4 Rb8 36. Re2 Bf4 37. Be4 Bc1 38. 
Rg2 Bg5 39. Re2 {1/2-1/2, Shirov Alexei 2714 - Volokitin Andrei 2679 , 
Sarajevo 27. 5.2005 It (cat.16)} ) ( 14. Nce3 Be6 15. a4 Qd7 16. Be2 Bd8 
17. axb5 axb5 18. h5 Bg5 19. O-O Rfd8 20. Ra6 h6 21. Qd3 Ne7 22. Rfa1 Bxe3
23. fxe3 Nxd5 24. exd5 Bg4 25. e4 Bxe2 26. Qxe2 f5 27. Qe3 fxe4 28. Qxe4 
Qf7 29. Qf3 Qd7 30. Qg3 Qf7 {1/2-1/2 Sorcinelli, Andrea (1791) - Vesely, 
Emanuel (1867) / SB-2011-0-00161 (-), Lechenicher SchachServer 2011} ) ( 
14. Nce3 Be6 15. Qf3 Qd7 16. Rd1 Bd8 17. Be2 Ne7 18. h5 h6 19. O-O Qc8 20.
 Nxe7+ Bxe7 21. b3 Qc5 22. Nf5 Bg5 23. Rxd6 Qa3 24. Rc6 Qxa2 25. c4 Bxf5 
26. exf5 e4 27. Qg4 Rfe8 28. f6 Qxb3 29. cxb5 axb5 30. g3 Qb2 31. fxg7 Re7
32. Rc5 b4 33. Bc4 Qd4 34. Rxg5 Qxc4 35. Rf5 Qe6 36. Qf4 Rb6 37. Ra1 e3 
38. Kh2 exf2 39. Qxf2 Rb8 40. Qf4 Rc8 41. Raa5 Qc6 42. Ra2 b3 43. Rf2 Re1 
44. Qf3 Qxf3 45. R5xf3 Rc2 46. Rxf7 Rxf2+ 47. Rxf2 Re8 48. Rb2 Rb8 49. Kg2
Kxg7 50. Kf3 Kf6 51. Ke2 Kg5 52. Kd2 Kxh5 {0-1 Stika, Václav (2113) - 
Vesely, Emanuel (2080) / Czech Championship Quarterfinal, section 37	 
(31), ICCF 2011} ) ( 14. Nce3 Be6 15. a4 Qd7 16. axb5 axb5 17. Be2 Bd8 18.
 h5 Bg5 19. O-O Rfd8 20. b4 Bxe3 21. Nxe3 Ne7 22. Qd3 d5 23. exd5 Nxd5 24.
 Nxd5 Bxd5 25. Rfd1 h6 26. Qe3 Qc6 27. Ra5 Bc4 28. Rxd8+ Rxd8 29. Qxe5 Re8
30. Bf3 Rxe5 31. Bxc6 Rxh5 32. f4 Kf8 33. Be4 g6 34. Ra6 Ke7 35. g3 Kf8 
36. Rb6 Ke7 37. Rb7+ Kf8 38. Rb6 Kg7 39. Rd6 Kf8 40. Rb6 {1/2-1/2 
Skalicky, Frantisek (2194) - Vesely, Emanuel (2133) / CZE/C/sf27 (CZE) 
(-), ICCF2012_corr02 2012} ) 14. ... Be6 15. Bg2 Qd7 16. O-O Bd8! {A 
standard idea. Black bishops cedes the e7-square to c6-knight and is ready
to move to the a7-g1 diagonal } 17. Qd3 a5 18. Nce3 Ne7 19. Nxe7+ Bxe7 20.
 a3 {Temporarily checking black counterplay associated with the b5-b4 
advance } 20. ... Rfc8 21. Rfd1 g6 22. Rd2 Rc6 23. Nd5 Bd8 { Black is in 
no hurry with the move Be6:d5, choosing the most appropriate time for this
exchange } 24. Rad1 Kg7 25. Kh2 Rc5 26. Qe3 Bxd5 27. Rxd5 Rxd5 28. Rxd5 b4
! {An important advance that allows Black to get rid of a potential 
weakness on the Q-side (the b5-pawn) and to obtain some "air to breathe" 
for his rook } 29. axb4 axb4 30. Qd2 bxc3 31. bxc3 { A position with 
bishops of opposite color is reached, that is typical for this variation 
and is somewhat preferable for White. However, Black manages to maintain 
an equality with confidence } 31. ... Rb6 32. c4 ( {In case of } 32. Rxe5 
Rb2! 33. Qxb2 dxe5 {White fails to cash on his extra pawn due to the 
drawing tendency of the bishops of opposite color)} ) 32. ... Be7 33. c5 (
33. Rxe5 Rc6 34. Rd5 Rxc4 35. e5 Rc6 += ) 33. ... Rc6 34. Rxe5 Qc7 35. 
cxd6 Rxd6 36. Qa2 Rc6 37. Ra5 Rc2 38. Qa1+ Kh6 39. Ra2 Rxa2 40. Qxa2 Bxh4 
1/2-1/2

[Event "Chelyabinsk variation - 4"]
[Site "Leon ESP"]
[Date "1996.??.??"]
[Round "4"]
[White "Polgar, Judit"]
[Black "Illescas Cordoba, Miguel"]
[Result "1-0"]
[WhiteElo "2675"]
[BlackElo "2635"]
[EventDate "1996.06.??"]
[Annotator "Horvath,Ta"]

1. e4 c5 2. Nf3 Nc6 3. d4 cxd4 4. Nxd4 Nf6 5. Nc3 e5 6. Ndb5 d6 7. Bg5 a6 
8. Na3 b5 9. Nd5 Be7 10. Bxf6 Bxf6 11. c3 O-O 12. Nc2 Rb8 13. h4 {Baburin:
This move is designed not only to take away the g5-square from the bishop,
but also to prepare the following favourable exchange.} 13. ... g6 { 
Rejecting the binding 13...Ne7 continuation, Black attempts to solve the 
problem of f6-bishop by "therapeutic measures" 

Eine Alternative ist Ne7,=> Kasparov-Kramnik/CBM/43;Kasparov-LautierCBM/45

} 14. g3 Be6 ( 14. ... h5!? ) 15. Bh3 { A typical maneuver that creates a 
potential opportunity of exchanging the dark-squared bishops 

Baburin: The point of the previous play.} 15. ... Bg7 ( 15. ... Bxd5 16. 
Qxd5 Ne7 17. Qd3 d5 += ) 16. h5 a5 ( {(Worth attention is} 16. ... Qd7!? {
seeking to relieve the tension between the opposing light-squared bishops 
immediately. After that it is possible to move } 17. hxg6 ( {It is evident
that the exchange} 17. Bxe6 fxe6! {deprives white pieces of the strong 
point on d5)} ) 17. ... hxg6 ( 17. ... Bxh3?! 18. Qh5 fxg6 19. Qxh3 Qxh3 
20. Rxh3 +/- ) ( 17. ... fxg6?! 18. Bxe6+ Qxe6 19. Qe2 +/- ) 18. Bg2 ( 18.
 Bxe6!? fxe6 19. Nde3 ) 18. ... b4!? 19. Ndxb4 Nxb4 20. Nxb4 ( 20. cxb4 
Rfc8 21. Qd2 a5 ) 20. ... a5 21. Nd3 Rfc8 22. Qc2 f5 { Barlow John A - Van
Kempen Heinz Erich, 1997 corr)} ) 17. Nce3 Qg5?! ( 17. ... Ne7 18. hxg6 
hxg6 19. Bxe6?! ( 19. Qd3 Nxd5 20. Nxd5 Qd7 ~ ) ( 19. Nxe7+ Qxe7 20. Qd3 
+= ) 19. ... fxe6 20. Nxe7+ Qxe7 21. Qg4 Qf6 ~ ) ( {Now in case of } 
17. ... Qd7 { the effective knight sacrifice becomes possible } 18. hxg6 
hxg6 19. Nf5! gxf5 20. Qh5 fxe4 21. Qh7+ Kxh7 22. Bxe6+ Bh6 23. Bxd7 {with
white attack in the ending)} ) 18. Nc7! {Baburin: This manoeuvre forces 
the exchange of the light-squared bishops, which increases White's control
over the critical d5-square.

 An original white knight's maneuver forces the exchange of light-squared 
bishops that is favorable for White } 18. ... Bxh3 19. Rxh3 Rfd8 20. Kf1! 
{After setting off afoot to the K-side white king finds himself a secure 
shelter on g2 } 20. ... b4 21. Ncd5 Rdc8 22. Qa4! bxc3 23. bxc3 Qd8 24. 
Kg2 +/- {The position has stabilized. The undivided white control of the 
key d5-square and a "bad" g7-bishop determine White's great advantage } 
24. ... Ne7 25. hxg6 hxg6 26. Rhh1! Nxd5 27. Nxd5 {Baburin: White is 
strategically winning here, having a glorious knight on d5 vs an 
inefficient bishop.} 27. ... Rc5 ( 27. ... Rb2 28. Rab1 Rcb8 29. Rxb2 Rxb2
30. Qa3 Rd2 31. Rb1 +/- ) 28. Rab1 Rxb1 29. Rxb1 Qa8 30. c4 Bf8 31. Qd7 
Qc8 32. Qa7! +- Rxd5 {A desperate sacrifice} ( {(But even after} 32. ... 
Kg7 33. Rb7 ( 33. Rb8 Qe6 34. Qa8 Be7 35. Rh8 +- ) 33. ... Qe6 34. Ne3 {
black position is strategically hopeless} ) ( 32. ... Rxc4 33. Rb8 Qe6 34.
 Qa8 +- ) 33. cxd5 Qc2 34. Re1 Qxa2 35. Re3 Qa4 36. Rf3 Qe8 37. Qxa5 Qd7 
38. Qa8 Kg7 39. Qc6 Qe7 40. Qc8 Qa7 41. Rb3 1-0

[Event "Chelyabinsk variation - 4"]
[Site "Wijk aan Zee NED"]
[Date "2006.01.24"]
[Round "4"]
[White "Anand, Viswanathan"]
[Black "Van Wely, Loek"]
[Result "1-0"]
[WhiteElo "2792"]
[BlackElo "2647"]
[EventDate "2006.01.14"]
[Annotator "Rogozenko"]

1. e4 c5 2. Nf3 Nc6 3. d4 cxd4 4. Nxd4 Nf6 5. Nc3 e5 6. Ndb5 d6 7. Bg5 a6 
8. Na3 b5 9. Nd5 Be7 10. Bxf6 Bxf6 11. c3 Bg5 12. Nc2 Rb8 13. a4 bxa4 14. 
Ncb4 Bd7 15. Bxa6 Nxb4 16. cxb4! {Evidently, White's hopes for an 
improvement of the variation in tote have been associated with exactly 
this continuation. At the cost of doubling his pawns White promptly 
creates a passed pawn on the Q-side 


This move has been known for some time to offer White sufficient 
compensation for the exchange, but up to this game it has been considered 
that Black should have no problems to hold the position.} ( {The main} 16.
 Nxb4 {is analyzed very deeply. The verdict is that with accurate defence 
Black achieves a draw:} 16. ... Qa5 17. Qxd6 Rb6 18. Qd3 Be7 19. Nd5 Rxb2 
20. O-O Qc5 21. Rab1 Rxb1 22. Rxb1 O-O 23. Bb5 Be8 24. Bxe8 Rxe8 25. Rb7 
Bd6 26. Qa6 a3 {1/2-1/2 Motylev,A (2651)-Timofeev,A (2611)/Moscow 2004} ) 
16. ... O-O 17. O-O Bc6 18. Rxa4! {A sacrifice of an exchange aimed at 
depriving the opponent of the important light-squared bishop little by 
little becomes a typical white weapon in the Cheliabinsk Variation } 
18. ... Bxa4 19. Qxa4 Qe8 N {The endgame turns out to be in White's 
favour, therefore critical remain other moves: 19...f5, 19...g6 and 
19...Kh8.} ( 19. ... f5 20. exf5 ( 20. b5 Kh8 21. exf5 Qd7 22. Qc4? Qxf5 
23. f3 Bd8 24. Rc1 ( 24. Qc6 Qd3 â‡„â‡„ ) 24. ... Qd7 25. b4 Qa7+ 26. Kh1 
Qf2 27. Qd3 Bb6 28. Rf1 Qh4 29. Rd1 Bd4 -+ {0-1 Norgaard,J 
(2315)-Horvath,T (2440)/Copenhagen 1984 (38)} ) 20. ... Rxf5 21. Bd3 ( 21.
 b5!? ) 21. ... Rf8 22. b5 += {also leaves White with somewhat better 
chances)} 22. ... Qd7 23. Qe4 g6 24. g3 Bd8 25. f4 Bb6+ 26. Nxb6 Rxb6 27. 
fxe5 Rxf1+ 28. Bxf1 dxe5 29. Qxe5 h6 30. h4 h5 {1/2-1/2 L'Ami,E 
(2353)-Moser,E (2339)/Augsburg 2002} ) ( 19. ... g6 20. Qc6 Bd2 21. b5 Ba5
22. Bb7 f6! 23. b4 Bb6 24. Nxb6 Rf7 25. Rd1 ( 25. Nd5 Rfxb7 26. b6 Rxb6 
27. Nxb6 Qxb6 =, quiet ) 25. ... Rfxb7 26. Rxd6 Qxd6 27. Qxd6 Rxb6 28. 
Qd5+ Kf8 { and Black managed to hold his own, Barua Dibyendu 2540 - Lalic 
Bogdan 2560 , Ubeda 1998 It (open))} 29. h4 R8b7 30. g4 Rxb5 31. Qd6+ Kg7 
32. g5 fxg5 33. hxg5 h6 34. Qf6+ Kh7 35. gxh6 Rxb4 36. Qxe5 Rf7 37. Kg2 
Rb6 38. Qd4 Rbf6 39. e5 Rxf2+ 40. Qxf2 Rxf2+ {1/2-1/2 Barua,D 
(2520)-Lalic,B (2545)/Ubeda 1998} ) ( 19. ... Kh8 ~ ) 20. Qxe8 {Even being
an exchange down White is ready to transpose the game into an ending, 
which is indicative of his position's strategic power. A bad omen for 
Black in similar positions is lack of open lines for his rooks } ( 20. b5 
Bd8 ( 20. ... f5!? ) ( 20. ... Kh8!? ) 21. Rc1 Bb6 22. Rc6 Bd4 ~ ) 20. ...
 Rfxe8 ( {Deserves attention} 20. ... Rbxe8 21. b5 f5 {but this looks much
too artificial.} ) 21. b5 {Everything is simple - the pawn goes to b7 and 
it is clear that Black has a difficult defence. Maybe he can hold, but 
only White can play for a win.

White pawn rushes to b7, from where it will paralyze the enemy forces to 
the utmost } 21. ... f5! {Seeking to open the position for his rooks } ( 
21. ... Bd8 22. Rc1 +/- ) 22. b6! ( {Black pieces revive a bit after } 22.
 exf5 e4 23. b6 Re5 24. Bc4 Kf8 {leaves Black with more chances to escape.
} ) ( 22. h4 Bxh4! ) 22. ... fxe4 23. h4?! {Anand demonstrates resources 
of White's position, but this unexpectedly offers Black concrete 
possibilities for counterplay. The general idea is to distract the bishop 
either from c1 or from e7 (the knight can sometimes come to c6 via e7.

White wants to get to the c-file with his rook as quickly as possible } ( 
23. Re1!? Kf7 24. Rxe4 Red8 25. Rc4 Ke6 26. Nc7+ Kf5 { Black would have 
time enough for activating his king)} ) ( {The most precise move order 
seems to be} 23. b7! Kf7 24. h4! Bxh4 25. Rc1 {transposing into 23.h4 Bxh4
24.Rc1 Kf7 25.b7, see below.} ) 23. ... Bd2? {Understandable desire to 
control square c1. However, instead of this Black should have tried to 
create counterplay, since after the game move White's rook can be 
transferred on the c-file anyway.} ( 23. ... Bxh4! {was the only chance:} 
24. Rc1 Rf8! ( 24. ... Kf7? {is not enough:} 25. b7 Rf8 ( 25. ... Ke6 26. 
Nc7+ Ke7 27. Nxe8 Rxe8 28. Rc8 +- ) 26. g3 ( 26. Rc8 Ke6 27. Nb4 Bxf2+ 28.
 Kh2 d5 29. Nc6 Rfxc8 30. bxc8=Q+ Rxc8 31. Bxc8+ Kd6 -/+ ) 26. ... Bg5 27.
 Rc8 Ke6 ( 27. ... Bd2 28. Nb6 Ke7 29. Rxf8 Rxf8 30. Nc8+ +- ) 28. Nb6 ( 
28. Nb4 e3 29. fxe3 Bxe3+ 30. Kg2 d5 31. Nc6 Rxb7 32. Bxb7 Rf2+ 33. Kh3 
Rxb2 =, quiet ) 28. ... Rd8 ( 28. ... e3 29. Rxf8 +- ) 29. Bc4+ Kf5 30. 
Bd5 e3 31. Kf1 exf2 ( 31. ... e4 32. fxe3 Bxe3 33. Rxd8 Rxd8 34. Nc8 +- ) 
32. Kxf2 e4 33. Rxb8 Rxb8 34. Nd7 +- ) ( 24. ... Bg5!? 25. Rc7 e3 â‡„â‡„ )
25. g3 Bg5 26. Rc6! ( 26. Rc7? e3 27. fxe3 Rxb6! ) 26. ... Kf7 ( 26. ... 
Rfd8 27. b7 Kf7 28. Rc7+ Ke6 29. Bc4 +/- ) 27. Rxd6 ( 27. b7 Ke6 28. Nb6 
Bd8 ~ {with a sharp position - shown by S.Shipov} ( 28. ... Rfd8!? ) ) 
27. ... Rfd8 28. Rc6 e3! 29. fxe3 Rxd5 30. Bc4 Bxe3+ 31. Kg2 Rxb6 32. 
Bxd5+ Ke7 =, quiet ) 24. b7 Kf7 25. Rd1 Bh6 26. Nb4 Ke7 ( 26. ... e3 27. 
Nc6 exf2+ 28. Kxf2 Ke6 29. Bc4+ Kd7 30. Nxb8+ Rxb8 31. Bd5 ) 27. Nd5+ ( {
Things are not so clear after} 27. Nc6+ Kd7 28. Nxb8+ Rxb8 { in view of 
somewhat unfortunate position of the a6-bishop)} ) 27. ... Kf7 28. g4 Bf4 
29. Re1! {White rook invades the c-file } 29. ... g5 ( 29. ... Red8 âŒ“ 
30. Rxe4 g5 ( 30. ... Rd7 31. Rb4! ) ) ( 29. ... Ke6 30. Nc7+ Ke7 31. Nxe8
Kxe8 32. Bb5+ Ke7 33. Bc6 ) 30. Re2! {If not from c1, then from c2!} ( {
Taking pawn e4 means in some variations to help Black including his bishop
into defence:} 30. Rxe4 Red8 31. Nb4 d5 32. Re2 gxh4 33. Rc2 e4 ~ ) ( 30. 
h5 {looks also strong to me, preventing Black's 30...gxh4, possible in the
game.} ) 30. ... Red8 ( {There is no clear win for White after} 30. ... 
gxh4 31. Rc2 ( {White can play} 31. Kg2 {of course, but then it is clear 
that Black had to insert 30. ..gxh4.} ) 31. ... h3 32. Rc7+ ( {or} 32. Rc8
Bd2! { aiming at the f2-pawn)} ) 32. ... Kg6 33. Ne7+ Kg5 34. Nc6 e3 35. 
fxe3 Bxe3+ 36. Kh2 Kxg4 ) 31. Nb4! ( 31. Rc2 Rd7! ) 31. ... d5 ( 31. ... 
gxh4 32. Nc6 h3 33. Nxd8+ Rxd8 34. Rc2 +- ) ( {The idea of the previous 
move is:} 31. ... Rd7? 32. Nc6 Rdxb7 33. Bxb7 Rxb7 34. Nd8+ +- ) 32. Nc6 
Rg8 ( 32. ... gxh4 33. Nxd8+ Rxd8 34. Rc2 ) 33. Nxb8 Rxb8 34. h5! {Black 
cannot keep his h-pawn alive, which means that White will create the 
second passed pawn. Meaning he wins easily.} 34. ... Ke7 35. Kf1 d4 36. 
Rc2 e3 37. fxe3 dxe3 38. Rc7+ Kf6 39. Rxh7 e4 40. Bc4 Rd8 41. Rf7+ Ke5 42.
 Rd7 {In the present game Black missed several possibilities for 
counterplay, but White also could have played more accurate. Only the 
future practice will show if the endgame after 20.Qxe8 is defensible for 
Black.} 1-0

[Event "Chelyabinsk variation - 5"]
[Site "?"]
[Date "2012.08.14"]
[Round "5"]
[White "ChessOK - 5.5"]
[Black "ChessOK - 5.5"]
[Result "0-1"]
[WhiteElo "2264"]
[BlackElo "2335"]
[EventDate "2012.08.14"]

{This game is a conceptual twin of the previous one. Its main idea is the 
e5-e4 advance, that is now associated with a pawn sacrifice followed by 
activation of the c6-knight} 
1. e4 c5 2. Nf3 Nc6 3. d4 cxd4 4. Nxd4 e5 5. Nb5 d6 6. N1c3 a6 7. Na3 b5 
8. Nd5 Nf6 9. Bg5 Be7 10. Bxf6 Bxf6 11. c3 O-O 12. Nc2 Bg5 13. a4 bxa4 14.
 Rxa4 a5 15. Bc4 Rb8 16. b3 Kh8 17. O-O f5 18. exf5 Bxf5 19. Nce3 Be6 {
Black bishop situated on e6 keeps under control the key d5-square } ( {
Also occurs} 19. ... Bg6 {which will be examined later} ) 20. Qd3 {A 
logical continuation. White queen moves to d3 at once, impeding at the the
same time the e5-e4 advance } 20. ... Qd7 21. Rd1 Qf7 22. Ra2 ( 22. f3!? )
22. ... Qh5 {As we have seen, the appearance of black queen on h5 creates 
tension on the K-side } 23. Re1 ( 23. Nf1 e4! ) 23. ... Bd8 24. Nf1 Qf7! {
White khight retreats from e3, and Black immediately intensifies his 
influence upon the key d5-square } 25. Re3?! {This move, containing a 
clever combinational idea, hands the initiative to the opponent } ( {To an
approximate dynamic equilibrium leads} 25. Ng3 Nd4! 26. cxd4 Bxd5 27. dxe5
Bxc4 28. bxc4 dxe5 ) 25. ... e4! {A thematic pawn sacrifice that leads to 
a dramatic activation of black pieces } ( {White plan becomes clear in the
variation} 25. ... Ne7? 26. Nxe7 Bxc4 27. Qxh7+! +- ) 26. Qxe4 ( {White 
would obtain a certain compensation for an exchange in case of } 26. Rxe4 
Bf5 27. Nde3 Bxe4 28. Qxe4 ) 26. ... Ne5 27. Kh1 ( {The idea of developing
the initiative across the board is illustrated by the variation} 27. h3 a4
! ) 27. ... Nxc4 ( 27. ... a4!? ) 28. Rf3 ( 28. bxc4 Bf5 29. Qf4 Rb1 30. 
Kg1 Qg6 ) 28. ... Bf6 29. bxc4 Bxd5! { This exchange guarantees the 
invasion of the 1st rank by black rooks } 30. cxd5 Rfe8 31. Qd3 Re1 32. 
Kg1 ( 32. Re3 Qxd5! -+ ) ( 32. Rxa5 Qg6 33. Kg1 Qxd3 34. Rxd3 h5 -/+ {Rbb1
} ) 32. ... Rbb1 33. Rxa5 Rxf1+ 34. Qxf1 Rxf1+ 35. Kxf1 h6 -+ 0-1

[Event "Chelyabinsk variation - 5"]
[Site "Tbilisi GEO"]
[Date "1978.12.??"]
[Round "5"]
[White "Geller, Efim P"]
[Black "Sveshnikov, Evgeny"]
[Result "0-1"]
[WhiteElo "2590"]
[BlackElo "2565"]
[EventDate "1978.12.01"]

1. e4 c5 2. Nf3 Nc6 3. d4 cxd4 4. Nxd4 e5 5. Nb5 Nf6 6. N1c3 d6 7. Bg5 a6 
8. Na3 b5 9. Nd5 Be7 10. Bxf6 Bxf6 11. c3 O-O 12. Nc2 Bg5 13. a4 bxa4 14. 
Rxa4 a5 15. Bc4 Rb8 16. b3 Kh8 17. O-O f5!? {Black carries out the f7-f5 
advance in its most economical version. The drawback of this plan is that 
the opponent obtains control over the e4-square; Black hopes to compensate
this by piece counterplay in a more open position } 18. exf5 Bxf5 19. Qe2 
Qd7 20. Nce3 Be6 21. Rd1 Bd8 {A typical retreat of the dark-squared 
bishop. In this particular case Black's idea is to strengthen the a5-pawn 
and to prepare the Â¤c6-e7 maneuver } 22. Ra2 Qf7 23. Qd3! { A subtle 
prophylactic move that restricts black counterplay } ( 23. Nf1 Ne7! =+ ) (
23. Rad2 e4! =+ ) 23. ... Qh5 {By putting his queen on the h5 Black 
creates potential tension on the K-side } ( 23. ... Rb7!? ) 24. Nf1 {White
fortifies his kingside and prepares strategic withdrawal Â¤d5-e3, vacating
the d5-square for the maneuver Â¥c4-d5 and directly hitting the d6-pawn } 
24. ... e4!? {Carrying out this thematic advance in the center, Black 
exploits the drawbacks of the opponent's last move. Surely the e4-pawn can
find itself in jeopardy, but then the black knight now has prospects to 
enter the play via e5 } ( 24. ... Bf5 25. Qd2 Bg5 26. Nde3 +/- ) 25. Qc2 (
25. Qxe4?! Qxd1 26. Qxe6 Ne5 27. Qxd6 Bf6 28. Rd2 Qc1 29. Nxf6 Nxc4! ) 
25. ... Bh4! 26. Ng3 Bxg3 27. hxg3 Ne5 ( 27. ... Bg4!? 28. Re1 Ne5 ) 28. 
Nf4 Rxf4! {An introduction to a combinational skirmish } 29. gxf4 ( 29. 
Bxe6 Rf6 30. Rxd6 ( 30. Bh3 Nf3+ 31. gxf3 exf3 32. Bg2 Rh6 -+ ) 30. ... 
Qg6 -/+ ) 29. ... Nf3+ ( 29. ... Bxc4 30. fxe5 Bd3 ( 30. ... Bxb3? 31. Rb2
+- ) 31. Qd2 +/- ) ( 29. ... Nxc4 30. bxc4 Bxc4 31. Raa1 +/- ) 30. gxf3 ( 
{To a draw leads} 30. Kf1 Bg4! 31. gxf3 Qh1+ 32. Ke2 Qxf3+ 33. Kd2 ( 33. 
Ke1 e3 34. fxe3 Qxe3+ 35. Be2 Qg3+ 36. Kd2 Qxf4+ = ) 33. ... Qxf4+ 34. Ke1
e3 35. fxe3 = ( 35. Rd4? exf2+ 36. Qxf2 Qc1+ -+ ) ) 30. ... Bxc4 31. Qxe4 
( 31. bxc4? exf3 32. Qe4 Qh3 -+ ) 31. ... Bxb3 32. Rb1 Re8 33. Rxa5 d5 34.
 Re1?? { A blunder under time pressure that causes White's defeat } ( {A 
logical crowning of this fine duel would be} 34. Qxe8+ Qxe8 35. Rxb3 Qg6+ 
36. Kf1 Qd3+ 37. Kg2 Qg6+ = ) 34. ... Qg6+ 0-1